Library of the University of Algiers 3
Ibrahim Sultan Cheibout
شعار جامعة الجزائر 3
مكتبة جامعة الجزائر 3
إبراهيم سلطان شيبوط

الحوكمة والمحاسبة : (رقم التسجيلة. 41118)

تفاصيل مارك
000 -LEADER
fixed length control field 02216nam a2200253Ia 4500
003 - CONTROL NUMBER IDENTIFIER
control field Ost
005 - DATE AND TIME OF LATEST TRANSACTION
control field 20260416102354.0
008 - FIXED-LENGTH DATA ELEMENTS--GENERAL INFORMATION
fixed length control field 260416s9999||||xx |||||||||||||| ||und||
040 ## - CATALOGING SOURCE
Transcribing agency fsecg
041 ## - LANGUAGE CODE
Language code of text/sound track or separate title ara
082 ## - DEWEY DECIMAL CLASSIFICATION NUMBER
Classification number 338.7
100 ## - MAIN ENTRY--PERSONAL NAME
Personal name بولحريق، محند
Relator term مؤلف
245 #0 - TITLE STATEMENT
Title الحوكمة والمحاسبة :
Remainder of title ( مجموعة من المحاضرات موجهة لطلاب الماستر) /
Statement of responsibility, etc. محند بولحريق
260 ## - PUBLICATION, DISTRIBUTION, ETC.
Place of publication, distribution, etc. الجزائر
Name of publisher, distributor, etc. جامعة الجزائر3: كلية العلوم الإقتصادية، العلوم التجارية وعلوم التسيير
Date of publication, distribution, etc. 2019
300 ## - PHYSICAL DESCRIPTION
Extent 160 ورقة
Other physical details ايضاحات
Dimensions 30 سم
504 ## - BIBLIOGRAPHY, ETC. NOTE
Bibliography, etc. note مراجع ص.159 ملاحق ص.158
520 ## - SUMMARY, ETC.
Summary, etc. عموميات حول حوكمة الشركات: الاطار النظري لحوكمة الشركات، مبادئ حوكمة الشركات لمختلف المنظمات الدولية، النظريات المفسرة لحوكمة الشركات، النماذج الدولية لحوكمة الشركات، تجارب دولية في تطبيق مبادئ حوكمة الشركات، حوكمة الشركات و السلوك الاخلاقي، حوكمة الشركات و المسؤولية الاجتماعية/ حوكمة الشركات و علاقتها بالمحاسبة و المالية : حوكمة الشركات و المعلومات المحاسبية، المراجعة كأداة من أدوات حوكمة الشركات، المراجعة الداخلية و حوكمة الشركات، المراجعة الخارجية و حوكمة الشركات، مجلس الادارة و حوكمة الشركات، حوكمة الشركات و دورها في تحسين الآداء المالي للمؤسسة، حوكمة الشركات و دورها في محاربة الفساد المالي في المؤسسة.
653 ## - INDEX TERM--UNCONTROLLED
Uncontrolled term الشركات
653 ## - INDEX TERM--UNCONTROLLED
Uncontrolled term الشركات-الوضع المالي
653 ## - INDEX TERM--UNCONTROLLED
Uncontrolled term الشركات-محاسبة
653 ## - INDEX TERM--UNCONTROLLED
Uncontrolled term مراجعة الحسابات
710 ## - ADDED ENTRY--CORPORATE NAME
Corporate name or jurisdiction name as entry element جامعة الجزائر3: كلية العلوم الإقتصادية، العلوم التجارية وعلوم التسيير
Relator term ناشر علمي
942 ## - ADDED ENTRY ELEMENTS (KOHA)
Koha item type مطبوعات
المقتنيات
Withdrawn status Lost status Source of classification or shelving scheme Damaged status Not for loan Home library Current library Date acquired Serial enumeration / chronology Inventory number Total checkouts Full call number Barcode Date last seen Price effective from Koha item type
    Dewey Decimal Classification   NOT LOAN / إعارة داخلية مكتبة كلية العلوم الإقتصادية والعلوم التجارية وعلوم التسيير مكتبة كلية العلوم الإقتصادية والعلوم التجارية وعلوم التسيير 16/04/2026 الطابق الثاني مط.192-1   مط.192 ن1 مط.192-1 16/04/2026 16/04/2026 مطبوعات

موارد الويب المفتوحة


© University of Algiers 3 All Rights Reserved
|
Implemented by LECHELAH Riad